[Event "Smith & Williamson FIDE Rated"]
[Site "Witley"]
[Date "2001.07.17"]
[Round "4.18"]
[White "Wilson, Alexandra FV"]
[Black "Timms, Nicholas D"]
[Result "0-1"]
[WhiteElo "1648"]
[BlackElo "2102"]
[PlyCount "64"]
[EventDate "2001.07.16"]
[EventType "swiss"]
[EventRounds "11"]
[EventCountry "ENG"]
[SourceTitle "BritBase"]
[Source "John Saunders"]
[SourceDate "2025.09.16"]
[SourceVersion "1"]
[SourceVersionDate "2025.09.16"]
[SourceQuality "1"]

1. e4 c5 2. Nf3 g6 3. c3 d5 4. exd5 Qxd5 5. d4 e6 6. Bb5+ Bd7 7. Bxd7+ Nxd7 8. O-O Bg7 9. Be3 Qc6 10. Nbd2 Ne7 11. dxc5 Nxc5 12. Bxc5 Qxc5 13. Ne4 Qc6 14. Qe2 O-O 15. Rfd1 Rad8 16. Rd2 Nd5 17. Nd4 {(=)} Bxd4 18. Rxd4 e5 19. Rdd1 Nf4 20. Qf3 h6 21. g3 Rxd1+ 22. Rxd1 f5 23. Nd2 Nh3+ 24. Kg2 e4 25. Qe3 Ng5 26. h4 Nf7 27. Kg1 Rd8 28. Qe2 Qd5 29. Kh2 Ne5 30. Nxe4 Qxd1 31. Nf6+ Kf7 32. Qxe5 Qd6 0-1

[Event "Smith & Williamson FIDE Rated"]
[Site "Witley"]
[Date "2001.07.17"]
[Round "4.19"]
[White "Coupe, Marcus"]
[Black "Mycroft, Richard"]
[Result "0-1"]
[WhiteElo "1656"]
[BlackElo "1736"]
[PlyCount "74"]
[EventDate "2001.07.16"]
[EventType "swiss"]
[EventRounds "11"]
[EventCountry "ENG"]
[SourceTitle "BritBase"]
[Source "John Saunders"]
[SourceDate "2025.09.16"]
[SourceVersion "1"]
[SourceVersionDate "2025.09.16"]
[SourceQuality "1"]

1. e4 e6 2. d4 d5 3. e5 c5 4. c3 Nc6 5. Nf3 Qb6 6. Be2 Nh6 7. Bxh6 gxh6 8. b3 cxd4 9. cxd4 Bb4+ 10. Kf1 a5 11. a3 Bf8 12. Nc3 Bd7 13. g3 Na7 14. Kg2 Rc8 15. Na4 Qc7 16. Qd2 Bxa4 17. bxa4 Qc3 18. Qxc3 Rxc3 19. Rab1 Bxa3 20. Rxb7 Nc8 21. Bb5+ Kf8 22. Bd7 Ne7 23. Bb5 Bb4 24. Rb1 Rc2 25. Bd3 Rc3 26. Bb5 Rc2 {(=)} 27. Kf1 Kg7 28. Rxb4 axb4 29. Rxe7 Rb8 30. Ke1 b3 31. Kd1 Rxf2 32. Nd2 b2 33. Bd3 Rxh2 34. a5 Rc8 35. Nb3 Rc3 36. Bb1 Rxb3 37. Rc7 Rxg3 0-1

[Event "Smith & Williamson FIDE Rated"]
[Site "Witley"]
[Date "2001.07.17"]
[Round "4.20"]
[White "Kelly, Alexandra"]
[Black "Purton, Ben"]
[Result "0-1"]
[WhiteElo "1672"]
[BlackElo "1632"]
[PlyCount "92"]
[EventDate "2001.07.16"]
[EventType "swiss"]
[EventRounds "11"]
[EventCountry "ENG"]
[SourceTitle "BritBase"]
[Source "John Saunders"]
[SourceDate "2025.09.16"]
[SourceVersion "1"]
[SourceVersionDate "2025.09.16"]
[SourceQuality "1"]

1. e4 c5 2. Nc3 Nc6 3. Bb5 e6 4. Bxc6 bxc6 5. f4 d5 6. e5 Ne7 7. d3 Nf5 8. Qf3 Ba6 9. Nge2 Qb6 10. b3 c4 11. dxc4 dxc4 12. Na4 Qa5+ 13. Bd2 Qd5 {(=)} 14. O-O Qxf3 15. Rxf3 cxb3 16. Nc1 bxc2 17. Rc3 Bb5 18. Nb2 Bb4 19. Rxc2 Nd4 20. Rc3 Bxc3 21. Bxc3 Ne2+ 22. Nxe2 Bxe2 23. Rc1 O-O 24. Bb4 Rfb8 25. Ba3 Bb5 26. Nc4 Bxc4 27. Rxc4 Rb1+ 28. Kf2 Rc8 29. Rc2 Rb5 30. Bc5 a6 31. a3 h6 32. Ke3 Rcb8 33. Bb4 a5 34. Bd6 Rc8 35. Kd4 f6 36. Rc5 Kf7 37. g4 a4 38. Kc4 fxe5 39. Bxe5 Rxc5+ 40. Kxc5 g6 41. h4 Ke7 42. g5 h5 43. Kb4 Ra8 44. Bf6+ Kd6 45. Kc4 Ra7 46. Bc3 c5 0-1

[Event "Smith & Williamson FIDE Rated"]
[Site "Witley"]
[Date "2001.07.18"]
[Round "5.1"]
[White "Churm, Rohan M"]
[Black "Woodward, Timothy DM"]
[Result "0-1"]
[WhiteElo "2143"]
[BlackElo "2096"]
[PlyCount "138"]
[EventDate "2001.07.16"]
[EventType "swiss"]
[EventRounds "11"]
[EventCountry "ENG"]
[SourceTitle "BritBase"]
[Source "John Saunders"]
[SourceDate "2025.09.16"]
[SourceVersion "1"]
[SourceVersionDate "2025.09.16"]
[SourceQuality "1"]

1. d4 d5 2. c4 c6 3. Nc3 Nf6 4. e3 g6 5. Be2 Bg7 6. h4 h5 7. Bd2 O-O 8. Nh3 Bxh3 9. Rxh3 Qd7 10. Qc2 Na6 11. a3 Rfc8 12. Rd1 e6 13. b4 Nc7 14. Kf1 Nce8 15. Be1 Nd6 16. c5 Nf5 17. Rb1 e5 18. dxe5 Ng4 19. Bd3 Ne7 20. Ne2 Nxe5 21. Bc3 {(=)} Nxd3 22. Qxd3 Bxc3 23. Qxc3 Nf5 24. Nd4 Re8 25. Rd1 Re4 26. Nxf5 Qxf5 27. Rf3 Qe6 28. g3 Rc4 29. Qf6 Qxf6 30. Rxf6 Rf8 31. Rb1 a6 32. a4 Re8 33. Rf4 Rxf4 34. gxf4 Re4 35. Ke2 a5 36. bxa5 Rxa4 37. Kd3 Rxa5 38. Kd4 Ra7 39. f5 f6 40. fxg6 Kg7 41. Rb4 Kxg6 42. e4 dxe4 43. Kxe4 Ra5 44. Rc4 Rb5 45. Kf4 Rb1 46. f3 Rb3 47. Rd4 Rc3 48. Rb4 Rxc5 49. Rxb7 Rc4+ 50. Kg3 Rc2 51. Rc7 c5 52. Kf4 Rc4+ 53. Kg3 Rc1 54. Kf4 c4 55. Rc5 Rc3 56. Rc7 Rc2 57. Rc5 Rc1 58. Rc7 Rc3 59. Rc5 {(=)} Rc1 60. Rc7 c3 61. Rc5 c2 62. Rc7 Rh1 63. Rxc2 Rxh4+ 64. Kg3 Ra4 65. Rc5 h4+ 66. Kh3 Rf4 67. Ra5 f5 68. Kg2 Kg5 69. Ra8 Rb4 {and later 0-1 on Time} 0-1

[Event "Smith & Williamson FIDE Rated"]
[Site "Witley"]
[Date "2001.07.18"]
[Round "5.2"]
[White "Rendle, Thomas E"]
[Black "Nixon, Thomas"]
[Result "1-0"]
[WhiteElo "2129"]
[BlackElo "2137"]
[PlyCount "151"]
[EventDate "2001.07.16"]
[EventType "swiss"]
[EventRounds "11"]
[EventCountry "ENG"]
[SourceTitle "BritBase"]
[Source "John Saunders"]
[SourceDate "2025.09.16"]
[SourceVersion "1"]
[SourceVersionDate "2025.09.16"]
[SourceQuality "1"]

1. e4 e5 2. Nf3 Nc6 3. Bb5 a6 4. Ba4 Nf6 5. O-O Be7 6. d4 exd4 7. e5 Ne4 8. Nxd4 Nxd4 9. Qxd4 Nc5 10. Nc3 Nxa4 11. Qxa4 O-O 12. Bf4 d6 13. Rad1 Bd7 14. Qb3 Bc6 15. Nd5 dxe5 16. Bxe5 Bd6 17. Ne3 Re8 18. Bxd6 cxd6 {(=)} 19. Qd3 Qg5 20. Qf5 Qe7 21. Rd4 Rad8 22. Rfd1 d5 23. h3 Rd6 24. Nxd5 Bxd5 25. Rxd5 g6 26. Qd3 Rc6 27. Rd8 Qxd8 28. Qxd8 Rxd8 29. Rxd8+ Kg7 30. c3 Re6 31. Kf1 Kf6 32. Rd3 Rb6 33. b3 Ke6 34. Ke2 Rb5 35. Re3+ Kd6 36. Kd3 Rg5 37. Rg3 Rd5+ 38. Kc2 Re5 39. Rd3+ Kc6 40. Re3 Rg5 41. Rg3 Re5 42. Rf3 Re7 43. Re3 Rd7 44. Re4 Rd5 45. Rc4+ Kb6 46. Rf4 Rd7 47. c4 f5 48. Rf3 Kc6 49. Rd3 Re7 50. Re3 Rd7 51. Re6+ Kc7 52. Kc3 Rf7 53. a3 Kd7 54. Re3 Kc6 55. b4 Rd7 56. Re6+ Kc7 57. a4 Kd8 58. Re5 Kc7 59. c5 Kc6 60. Kc4 Rd2 61. b5+ axb5+ 62. axb5+ Kc7 63. Re7+ Kc8 64. Rxh7 Rxf2 65. Kb4 Rxg2 66. Ka5 f4 67. Kb6 Rb2 {(=)} 68. Rf7 g5 69. Rf5 Rb3 70. Rxg5 Rg3 71. Rf5 f3 72. Rf8+ Kd7 73. Kxb7 Rxh3 74. c6+ Kd6 75. c7 Rh7 76. b6 1-0

[Event "Smith & Williamson FIDE Rated"]
[Site "Witley"]
[Date "2001.07.18"]
[Round "5.3"]
[White "Bigg, Andrew J"]
[Black "Rattray, Ross"]
[Result "1/2-1/2"]
[WhiteElo "2216"]
[BlackElo "2076"]
[PlyCount "45"]
[EventDate "2001.07.16"]
[EventType "swiss"]
[EventRounds "11"]
[EventCountry "ENG"]
[SourceTitle "BritBase"]
[Source "John Saunders"]
[SourceDate "2025.09.16"]
[SourceVersion "1"]
[SourceVersionDate "2025.09.16"]
[SourceQuality "1"]

1. d4 d5 2. Bg5 Nd7 3. e3 Ngf6 4. Nd2 e5 5. dxe5 Nxe5 6. Ngf3 Bd6 7. c4 Nxf3+ 8. Qxf3 Be5 9. Bxf6 Bxf6 10. cxd5 O-O 11. Rb1 c6 12. Bc4 b5 13. Bb3 a5 14. dxc6 a4 15. Bc2 Be6 16. Qh5 g6 17. Qxb5 Rb8 18. Qxa4 Bxb2 19. Rd1 Bc3 20. O-O Bxd2 {(=)} 21. c7 Qxc7 22. Rxd2 Ra8 23. Qb4 1/2-1/2

[Event "Smith & Williamson FIDE Rated"]
[Site "Witley"]
[Date "2001.07.18"]
[Round "5.4"]
[White "Martyn, Rafe"]
[Black "Kahar, Krunal"]
[Result "0-1"]
[WhiteElo "2126"]
[BlackElo "2172"]
[PlyCount "98"]
[EventDate "2001.07.16"]
[EventType "swiss"]
[EventRounds "11"]
[EventCountry "ENG"]
[SourceTitle "BritBase"]
[Source "John Saunders"]
[SourceDate "2025.09.16"]
[SourceVersion "1"]
[SourceVersionDate "2025.09.16"]
[SourceQuality "1"]

1. d4 d5 2. c4 e6 3. Nf3 Nf6 4. g3 Be7 5. Bg2 O-O 6. Qc2 b6 7. Bf4 Bb7 8. Ne5 c5 9. dxc5 bxc5 10. Nc3 Qb6 11. cxd5 exd5 12. O-O Na6 13. Rac1 Rfd8 14. Rfd1 Rac8 15. Bh3 Ra8 16. Bg2 Rac8 17. Qb1 Qe6 18. Rd3 g5 19. Re3 gxf4 20. gxf4 Ne4 21. Bh3 f5 22. f3 c4 23. fxe4 Bc5 24. Kf2 Bxe3+ 25. Kxe3 d4+ 26. Kf2 dxc3 27. bxc3 Qb6+ 28. Qxb6 axb6 29. Rg1+ Kf8 30. Bxf5 Nc5 31. Ke3 Rc7 32. Ng4 Rg7 33. Rb1 Bxe4 34. Bxe4 Nxe4 35. Kxe4 Rxg4 36. Rxb6 Rg2 37. e3 Re8+ 38. Kd4 Rxa2 39. h4 Rd2+ 40. Kxc4 Rxe3 41. Rb8+ Kf7 42. Rb7+ Re7 43. Rb6 Re4+ 44. Kc5 Rc2 45. Rb7+ Kg6 46. Rb6+ Kf5 47. Rh6 Rxc3+ 48. Kd5 Rd3+ 49. Kc5 Re7 0-1

[Event "Smith & Williamson FIDE Rated"]
[Site "Witley"]
[Date "2001.07.18"]
[Round "5.5"]
[White "Bjerke, Silje"]
[Black "Dorrington, Christopher"]
[Result "1/2-1/2"]
[WhiteElo "2029"]
[BlackElo "2161"]
[PlyCount "56"]
[EventDate "2001.07.16"]
[EventType "swiss"]
[EventRounds "11"]
[EventCountry "ENG"]
[SourceTitle "BritBase"]
[Source "John Saunders"]
[SourceDate "2025.09.16"]
[SourceVersion "1"]
[SourceVersionDate "2025.09.16"]
[SourceQuality "1"]

1. d4 d5 2. c4 dxc4 3. Nf3 a6 4. e3 Nf6 5. Bxc4 e6 6. O-O c5 7. Nc3 cxd4 8. exd4 Be7 9. d5 exd5 10. Nxd5 Nxd5 11. Bxd5 O-O 12. Bf4 Nd7 13. Rc1 Nf6 14. Bb3 b5 15. Ne5 Bb7 16. Nc6 Bxc6 17. Rxc6 a5 {(=)} 18. a3 a4 19. Ba2 Rc8 20. Rxc8 Qxc8 21. Qe2 Qb7 22. Rc1 Rd8 23. h3 Rd7 {(=)} 24. Bg5 h6 25. Bxf6 Bxf6 26. Qe8+ Kh7 27. Bb1+ g6 28. Be4 Re7 1/2-1/2

[Event "Smith & Williamson FIDE Rated"]
[Site "Witley"]
[Date "2001.07.18"]
[Round "5.6"]
[White "Lutton, Josiah Ezra"]
[Black "Ekeberg, Carl Fredrik"]
[Result "0-1"]
[WhiteElo "2093"]
[BlackElo "2117"]
[PlyCount "64"]
[EventDate "2001.07.16"]
[EventType "swiss"]
[EventRounds "11"]
[EventCountry "ENG"]
[SourceTitle "BritBase"]
[Source "John Saunders"]
[SourceDate "2025.09.16"]
[SourceVersion "1"]
[SourceVersionDate "2025.09.16"]
[SourceQuality "1"]

1. e4 c6 2. Nc3 d5 3. d4 dxe4 4. Bc4 Nf6 5. f3 b5 6. Bb3 e6 7. Bg5 Nbd7 8. fxe4 Qa5 9. Bxf6 Nxf6 10. Qf3 Bb7 11. e5 Nd5 12. Nge2 Nxc3 13. Nxc3 Qc7 14. O-O a6 15. Ne4 c5 16. c3 O-O-O 17. Qe3 Kb8 18. Kh1 Qc6 19. Rae1 cxd4 20. cxd4 Qb6 21. Rd1 Qc6 22. Rde1 Bb4 23. Re2 Qb6 24. Rd1 Rd7 25. a3 Be7 26. Qf2 Rhd8 27. Qxf7 Rxd4 28. Rde1 Bh4 29. Ng3 Rd2 30. Qxe6 Rxe2 31. Rxe2 Qxe6 32. Bxe6 Rd1+ 0-1

[Event "Smith & Williamson FIDE Rated"]
[Site "Witley"]
[Date "2001.07.18"]
[Round "5.7"]
[White "Hughes, Andrew"]
[Black "Cooley, Oliver"]
[Result "0-1"]
[WhiteElo "2046"]
[BlackElo "2079"]
[PlyCount "96"]
[EventDate "2001.07.16"]
[EventType "swiss"]
[EventRounds "11"]
[EventCountry "ENG"]
[SourceTitle "BritBase"]
[Source "John Saunders"]
[SourceDate "2025.09.16"]
[SourceVersion "1"]
[SourceVersionDate "2025.09.16"]
[SourceQuality "1"]

1. e4 d5 2. exd5 Qxd5 3. Nc3 Qa5 4. Nf3 Nf6 5. b3 Bg4 6. h3 Bh5 7. Bb2 c6 8. Qe2 Nbd7 9. O-O-O O-O-O 10. d4 e6 11. a4 Bb4 12. Na2 Bd6 13. g4 Bf4+ 14. Nd2 Bg6 15. Bg2 Nd5 16. Qf3 e5 17. dxe5 Nxe5 18. Bxe5 Bxe5 19. Nc4 Qc5 20. Kb1 Nf4 21. Rxd8+ Rxd8 22. Re1 Bc7 23. Bh1 Ne6 24. Qe3 Qxe3 25. Nxe3 Rd2 26. h4 Nd4 27. Nb4 Ba5 28. h5 Bxb4 29. hxg6 hxg6 30. Rf1 f5 31. gxf5 gxf5 32. Rd1 Rxd1+ 33. Nxd1 Bd2 34. c3 Ne6 35. Kc2 Bh6 36. Kd3 Kd7 37. Ne3 Bxe3 38. Kxe3 Kd6 39. b4 Ke5 40. Bf3 g5 41. Bd1 b6 42. f3 Nf4 43. c4 c5 44. b5 Ne6 45. Be2 Nd4 46. Bd1 Kf6 47. Kd3 Kg6 48. Ke3 Kh5 {and later 0-1} 0-1

[Event "Smith & Williamson FIDE Rated"]
[Site "Witley"]
[Date "2001.07.18"]
[Round "5.8"]
[White "Bareham, David C"]
[Black "Deva, Chetan"]
[Result "0-1"]
[WhiteElo "1720"]
[BlackElo "2128"]
[PlyCount "50"]
[EventDate "2001.07.16"]
[EventType "swiss"]
[EventRounds "11"]
[EventCountry "ENG"]
[SourceTitle "BritBase"]
[Source "John Saunders"]
[SourceDate "2025.09.16"]
[SourceVersion "1"]
[SourceVersionDate "2025.09.16"]
[SourceQuality "1"]

1. e4 d6 2. d4 Nf6 3. Nc3 g6 4. Bg5 Bg7 5. f3 h6 6. Be3 c6 7. a4 O-O 8. Qd2 h5 9. Bc4 Nbd7 10. Nge2 d5 11. Bd3 dxe4 12. Nxe4 Nd5 13. Bh6 Qb6 14. O-O-O N7f6 15. c3 Qa5 16. Bc2 Rd8 17. Bxg7 Kxg7 18. Qg5 Qc7 19. Nxf6 exf6 20. Qg3 Qe7 21. Rhe1 Qe3+ 22. Kb1 b5 23. Be4 Qh6 24. axb5 cxb5 25. Nf4 h4 0-1

[Event "Smith & Williamson FIDE Rated"]
[Site "Witley"]
[Date "2001.07.18"]
[Round "5.9"]
[White "Winkworth, Julian"]
[Black "Hansell, Christopher"]
[Result "1/2-1/2"]
[WhiteElo "1904"]
[BlackElo "2062"]
[PlyCount "28"]
[EventDate "2001.07.16"]
[EventType "swiss"]
[EventRounds "11"]
[EventCountry "ENG"]
[SourceTitle "BritBase"]
[Source "John Saunders"]
[SourceDate "2025.09.16"]
[SourceVersion "1"]
[SourceVersionDate "2025.09.16"]
[SourceQuality "1"]

1. e4 c5 2. Nf3 Nc6 3. Bd3 e5 4. c3 d5 5. O-O Be6 6. Re1 f6 7. Bc2 d4 8. cxd4 cxd4 9. Bb3 Qd7 10. d3 Bb4 11. Bd2 Bd6 12. Na3 Bxa3 13. bxa3 Nge7 14. Rb1 Rb8 1/2-1/2

[Event "Smith & Williamson FIDE Rated"]
[Site "Witley"]
[Date "2001.07.18"]
[Round "5.10"]
[White "Payne, Robert"]
[Black "Mooring, Ross"]
[Result "1/2-1/2"]
[WhiteElo "1688"]
[BlackElo "2053"]
[PlyCount "43"]
[EventDate "2001.07.16"]
[EventType "swiss"]
[EventRounds "11"]
[EventCountry "ENG"]
[SourceTitle "BritBase"]
[Source "John Saunders"]
[SourceDate "2025.09.16"]
[SourceVersion "1"]
[SourceVersionDate "2025.09.16"]
[SourceQuality "1"]

1. d4 e6 2. Nf3 Nf6 3. e3 b6 4. Bd3 Bb7 5. b3 d5 6. Bb2 Nbd7 7. O-O g6 8. Nbd2 Bg7 9. c4 O-O 10. Ne5 Nxe5 11. dxe5 Nd7 12. f4 Nc5 13. Bc2 f5 14. b4 Na6 15. a3 c5 16. b5 Nc7 17. a4 a5 18. Qe2 Qe7 19. Rad1 Rad8 20. Bb3 Rd7 21. h3 h5 22. g3 1/2-1/2

[Event "Smith & Williamson FIDE Rated"]
[Site "Witley"]
[Date "2001.07.18"]
[Round "5.11"]
[White "Rennie, John"]
[Black "Khoo, Teresa"]
[Result "1/2-1/2"]
[WhiteElo "2053"]
[BlackElo "1688"]
[PlyCount "24"]
[EventDate "2001.07.16"]
[EventType "swiss"]
[EventRounds "11"]
[EventCountry "ENG"]
[SourceTitle "BritBase"]
[Source "John Saunders"]
[SourceDate "2025.09.16"]
[SourceVersion "1"]
[SourceVersionDate "2025.09.16"]
[SourceQuality "1"]

1. e4 c5 2. Nf3 Nc6 3. d4 cxd4 4. Nxd4 Nf6 5. Nc3 e5 6. Ndb5 d6 7. Bg5 a6 8. Na3 b5 9. Nd5 Be7 10. Bxf6 Bxf6 11. c3 O-O 12. Nc2 Rb8 1/2-1/2

[Event "Smith & Williamson FIDE Rated"]
[Site "Witley"]
[Date "2001.07.18"]
[Round "5.12"]
[White "Manton, Timothy"]
[Black "Boztas, Kenan"]
[Result "1/2-1/2"]
[WhiteElo "1664"]
[BlackElo "2053"]
[PlyCount "33"]
[EventDate "2001.07.16"]
[EventType "swiss"]
[EventRounds "11"]
[EventCountry "ENG"]
[SourceTitle "BritBase"]
[Source "John Saunders"]
[SourceDate "2025.09.16"]
[SourceVersion "1"]
[SourceVersionDate "2025.09.16"]
[SourceQuality "1"]

1. d4 Nf6 2. Nf3 g6 3. Bg5 Bg7 4. Nbd2 d5 5. e3 O-O 6. Bd3 Nbd7 7. c4 c5 8. b3 b6 9. Rc1 Bb7 10. O-O Ne8 11. Re1 Nc7 12. Nf1 Qe8 13. e4 dxc4 14. Bxc4 cxd4 15. Nxd4 Nc5 16. e5 Rd8 17. Qg4 1/2-1/2

[Event "Smith & Williamson FIDE Rated"]
[Site "Witley"]
[Date "2001.07.18"]
[Round "5.13"]
[White "Williams, Samuel G"]
[Black "Antal, Agnes"]
[Result "0-1"]
[WhiteElo "1696"]
[BlackElo "2043"]
[PlyCount "60"]
[EventDate "2001.07.16"]
[EventType "swiss"]
[EventRounds "11"]
[EventCountry "ENG"]
[SourceTitle "BritBase"]
[Source "John Saunders"]
[SourceDate "2025.09.16"]
[SourceVersion "1"]
[SourceVersionDate "2025.09.16"]
[SourceQuality "1"]

1. e4 c5 2. Nc3 e6 3. f4 d5 4. Nf3 a6 5. g3 Nf6 6. exd5 exd5 7. d4 Bg4 8. Qe2+ Qe7 9. Be3 cxd4 10. Bxd4 Bxf3 11. Qxe7+ Bxe7 12. Rg1 Nc6 13. Bxf6 Bxf6 14. Bh3 O-O 15. Kd2 d4 16. Ne2 Bxe2 17. Kxe2 Rfe8+ 18. Kd2 Re3 19. Rae1 Rae8 20. Bd7 Rxe1 21. Rxe1 Rxe1 22. Kxe1 Nb4 23. Kd2 a5 24. a3 Nd5 25. Bb5 Kf8 26. Kd3 Ne3 27. Kd2 Ng4 28. h3 Nf2 29. h4 Ne4+ 30. Ke1 Nxg3 0-1

[Event "Smith & Williamson FIDE Rated"]
[Site "Witley"]
[Date "2001.07.18"]
[Round "5.14"]
[White "Timms, Nicholas D"]
[Black "Mycroft, Richard"]
[Result "1/2-1/2"]
[WhiteElo "2102"]
[BlackElo "1736"]
[PlyCount "72"]
[EventDate "2001.07.16"]
[EventType "swiss"]
[EventRounds "11"]
[EventCountry "ENG"]
[SourceTitle "BritBase"]
[Source "John Saunders"]
[SourceDate "2025.09.16"]
[SourceVersion "1"]
[SourceVersionDate "2025.09.16"]
[SourceQuality "1"]

1. d4 Nf6 2. c4 g6 3. Nc3 Bg7 4. e4 d6 5. f3 c6 6. Be3 a6 7. Bd3 b5 8. e5 Nfd7 9. f4 O-O 10. Nf3 Nb6 {(=)} 11. b3 N8d7 12. a4 bxc4 13. bxc4 c5 14. a5 cxd4 15. Nxd4 dxe5 16. Nc6 Qe8 17. axb6 exf4 18. Nd5 fxe3 19. Nc7 Bc3+ 20. Kf1 Bb7 21. Nxe8 Bxc6 22. Nc7 Rad8 23. Rc1 Bd2 24. Nd5 Bxd5 25. cxd5 Nxb6 26. Rc5 Nxd5 27. g3 Rd6 28. Kg2 Rfd8 29. Rxd5 Rxd5 30. Bc4 Rf5 31. Qb3 Rf2+ 32. Kh3 Rd6 33. Qb8+ Kg7 34. Qa7 g5 35. Qxe7 g4+ 36. Kxg4 Rg6+ 1/2-1/2

[Event "Smith & Williamson FIDE Rated"]
[Site "Witley"]
[Date "2001.07.18"]
[Round "5.15"]
[White "Chevannes, Sabrina L"]
[Black "Bennet, William"]
[Result "0-1"]
[WhiteElo "1584"]
[BlackElo "1800"]
[PlyCount "64"]
[EventDate "2001.07.16"]
[EventType "swiss"]
[EventRounds "11"]
[EventCountry "ENG"]
[SourceTitle "BritBase"]
[Source "John Saunders"]
[SourceDate "2025.09.16"]
[SourceVersion "1"]
[SourceVersionDate "2025.09.16"]
[SourceQuality "1"]

1. e4 c5 2. Nf3 g6 3. d4 cxd4 4. Nxd4 Nc6 5. Be3 Bg7 6. f3 Nf6 7. Nc3 O-O 8. Qd2 d5 9. O-O-O dxe4 10. Nxc6 Qxd2+ 11. Rxd2 bxc6 12. fxe4 Ng4 13. Bg5 f6 14. h3 fxg5 15. hxg4 Be5 16. Bc4+ Kg7 17. Rd3 Bxg4 18. Rg1 Rab8 19. Bb3 Rf2 20. Nd1 Rf4 21. Ne3 Rxe4 22. Nxg4 Rxg4 23. Rd7 Bd6 24. Rf1 Rf8 25. Rxf8 Kxf8 26. Rxa7 Rxg2 27. Ra8+ Kg7 28. Rg8+ Kh6 29. Rh8 g4 30. Rc8 g3 31. Rxc6 Rf2 32. Bd5 Bf4+ 0-1

[Event "Smith & Williamson FIDE Rated"]
[Site "Witley"]
[Date "2001.07.18"]
[Round "5.16"]
[White "Goodwin, Lydia"]
[Black "Purton, Ben"]
[Result "1/2-1/2"]
[WhiteElo "1768"]
[BlackElo "1632"]
[PlyCount "22"]
[EventDate "2001.07.16"]
[EventType "swiss"]
[EventRounds "11"]
[EventCountry "ENG"]
[SourceTitle "BritBase"]
[Source "John Saunders"]
[SourceDate "2025.09.16"]
[SourceVersion "1"]
[SourceVersionDate "2025.09.16"]
[SourceQuality "1"]

1. e4 c5 2. Nf3 Nc6 3. d4 cxd4 4. Nxd4 e5 5. Nb5 a6 6. Nd6+ Bxd6 7. Qxd6 Qf6 8. Qd1 Qg6 9. Nc3 Nf6 10. f3 O-O 11. Be3 b5 1/2-1/2

[Event "Smith & Williamson FIDE Rated"]
[Site "Witley"]
[Date "2001.07.18"]
[Round "5.19"]
[White "Bridger, Michael J"]
[Black "Coupe, Marcus"]
[Result "1-0"]
[WhiteElo "2058"]
[BlackElo "1656"]
[PlyCount "65"]
[EventDate "2001.07.16"]
[EventType "swiss"]
[EventRounds "11"]
[EventCountry "ENG"]
[SourceTitle "BritBase"]
[Source "John Saunders"]
[SourceDate "2025.09.16"]
[SourceVersion "1"]
[SourceVersionDate "2025.09.16"]
[SourceQuality "1"]

1. e4 e6 2. d4 d5 3. Nd2 dxe4 4. Nxe4 Nd7 5. c3 Ngf6 6. Bd3 Be7 7. Nf3 Nxe4 8. Bxe4 Nf6 9. Bc2 Bd7 10. O-O Bc6 11. Ne5 Be4 12. Bxe4 Nxe4 13. Qg4 Ng5 14. h4 f6 15. Qh5+ g6 16. Nxg6 Rg8 17. Nxe7+ Kxe7 18. hxg5 Rg7 19. gxf6+ Kxf6 20. Qh4+ Kf7 21. Qxd8 Rxd8 22. Bf4 Rdg8 23. g3 c6 24. Kg2 Rg4 25. Be5 h5 26. Rh1 h4 27. Rh3 hxg3 28. Rxg3 Rxg3+ 29. fxg3 Rg5 30. Rf1+ Ke8 31. Rh1 c5 32. Rh7 cxd4 33. cxd4 1-0

[Event "Smith & Williamson FIDE Rated"]
[Site "Witley"]
[Date "2001.07.18"]
[Round "6.1"]
[White "Kahar, Krunal"]
[Black "Rendle, Thomas E"]
[Result "1/2-1/2"]
[WhiteElo "2172"]
[BlackElo "2129"]
[PlyCount "132"]
[EventDate "2001.07.16"]
[EventType "swiss"]
[EventRounds "11"]
[EventCountry "ENG"]
[SourceTitle "BritBase"]
[Source "John Saunders"]
[SourceDate "2025.09.16"]
[SourceVersion "1"]
[SourceVersionDate "2025.09.16"]
[SourceQuality "1"]

1. d4 f5 2. g4 fxg4 3. e4 d5 4. e5 Bf5 5. h3 g3 6. fxg3 e6 7. Bd3 Bxd3 8. Qxd3 Qd7 {(=)} 9. Nf3 Nc6 10. O-O Nh6 11. c3 Be7 12. Nbd2 O-O-O 13. b4 Qe8 14. Nb3 Nf5 15. Kh2 Qg6 16. Ng1 Rhf8 17. Bd2 Bg5 18. g4 Ne3 {(=)} 19. Qxg6 hxg6 20. Bxe3 Bxe3 21. Ne2 b6 22. Kg3 Kd7 23. h4 g5 24. hxg5 Bxg5 {(=)} 25. Ng1 Be7 26. Nf3 Rf7 27. Nh4 Bxh4+ 28. Kxh4 Rdf8 29. Rxf7+ Rxf7 30. Kg3 Ne7 {(=)} 31. Rh1 Ng6 32. Nc1 Ke7 33. Nd3 a6 34. a4 Rf8 35. Ra1 Ra8 36. Ra2 Kd7 37. Rf2 Ke7 38. Rh2 Rh8 {(=)} 39. Rxh8 Nxh8 40. Kf4 Nf7 41. a5 g5+ 42. Ke3 Kd7 43. b5 axb5 44. axb6 cxb6 {(=)} 45. Nf2 Kc7 46. Kd3 Kb7 47. Kc2 Kc6 48. Kb3 Kc7 49. Kb4 Kc6 50. Nh3 Kc7 51. Kxb5 Kb7 52. Ng1 Nh6 53. Nf3 Nf7 54. Nd2 Nh6 55. c4 dxc4 56. Nxc4 Nxg4 57. Nd6+ Kc7 58. Nf7 Kd7 59. Nxg5 Ne3 60. Kxb6 Nd5+ 61. Kc5 Ke7 62. Ne4 Nf4 63. Nf6 Nd3+ 64. Kb5 Nf4 65. Kc6 Ne2 66. Kc5 Nf4 1/2-1/2

[Event "Smith & Williamson FIDE Rated"]
[Site "Witley"]
[Date "2001.07.18"]
[Round "6.2"]
[White "Woodward, Timothy DM"]
[Black "Bjerke, Silje"]
[Result "1/2-1/2"]
[WhiteElo "2096"]
[BlackElo "2029"]
[PlyCount "81"]
[EventDate "2001.07.16"]
[EventType "swiss"]
[EventRounds "11"]
[EventCountry "ENG"]
[SourceTitle "BritBase"]
[Source "John Saunders"]
[SourceDate "2025.09.16"]
[SourceVersion "1"]
[SourceVersionDate "2025.09.16"]
[SourceQuality "1"]

1. Nf3 d5 2. d4 c6 3. c4 e6 4. e3 Nf6 5. Bd3 Nbd7 6. O-O dxc4 7. Bxc4 b5 8. Bd3 a6 9. a4 Bb7 10. Nbd2 Be7 11. Nb3 bxa4 12. Rxa4 c5 13. dxc5 Nxc5 14. Rd4 Qb6 15. Bc4 O-O 16. Bd2 Nxb3 17. Qxb3 Qxb3 18. Bxb3 Rfd8 19. Bc3 Ne4 20. Rxd8+ Rxd8 21. Bd4 Bf6 22. h3 h6 23. Rc1 Rc8 24. Rxc8+ Bxc8 25. Bxf6 Nxf6 {(=)} 26. Kf1 Kf8 27. Ke2 Ke7 28. Ne5 Bb7 29. g3 Nd7 30. Nxd7 Kxd7 31. Kd3 Kd6 32. Kd4 a5 33. f4 f6 34. Ba4 Ba6 35. h4 g5 36. hxg5 hxg5 37. fxg5 fxg5 38. Bb3 Bb7 39. Ba4 Ba6 40. Be8 Ke7 41. Bc6 1/2-1/2